| 000 | 00000nam 22000008a 4500 |
| 001 | 9.839699 |
| 003 | CaOODSP |
| 005 | 20221107151650 |
| 007 | cr ||||||||||| |
| 008 | 170714s2014 onca |o f000 0 eng d |
| 040 | |aCaOODSP|beng |
| 043 | |an-cn--- |
| 086 | 1 |aFB4-16/2014E-PDF |
| 245 | 00|aCanada's new polymer notes |h[electronic resource] : |bsecure, durable, innovative. |
| 260 | |a[Ottawa] : |bBank of Canada, |c[2014]. |
| 300 | |a[14] p. : |bill. |
| 500 | |aIssued also in French under title: Les nouveaux billets canadiens en polymère : sûrs, durables, novateurs. |
| 500 | |a"Bank note fact sheets." |
| 500 | |aCover title. |
| 692 | 07|2gccst|aCurrency |
| 710 | 2 |aBank of Canada. |
| 775 | 08|tLes nouveaux billets canadiens en polymère |w(CaOODSP)9.839700 |
| 856 | 40|qPDF|s4.65 MB|uhttps://publications.gc.ca/collections/collection_2017/banque-bank-canada/FB4-16-2014-eng.pdf |